000 00596nam a2200193Ia 4500
005 20250508161648.0
008 008 250505s9999 xx 000 0 eng d
037 _aTextual
040 _aFEDL
_beng
_cFEDL
041 _aeng
_2eng
084 _a347.997 3, KUT
_qFEDL
100 _aKutler Stanley I. Ed.
_9771239
245 0 _aSupreme court and the constitution : Readings in American constitutional history
260 _aBoston, USA
_bHoughton Mifflin Company
_c1969
300 _axv,608p
650 _aLaw
942 _cTEXL
_h347.997 3, KUT
999 _c1371414
_d1371414